Biotechnology and genetics in fisheries and aquaculture

Sparad:
Bibliografiska uppgifter
Huvudupphovsmän: Beaumont, A. R (Författare, medförfattare), Hoare, K (Författare, medförfattare)
Materialtyp: Bok
Språk:spanska
Publicerad: Oxford Blackwell Science 2003
Ämnen:
Taggar: Lägg till en tagg
Inga taggar, Lägg till första taggen!

MARC

LEADER 00000nam a2200000 a 4500
001 UCL5188
003 CL-VaPUC
008 040305e20030000UK |||||||||||||||||spa|d
020 |a 0632055154 
082 0 4 |a 639.3  |b BEA  |2 21 
100 0 |a Beaumont, A. R  |e author  |9 482906 
700 0 |a Hoare, K  |e author  |9 482907 
245 1 0 |a Biotechnology and genetics in fisheries and aquaculture 
300 |a 158 p 
942 |c BK 
945 |d 20040305 00:00:00  |a cmena 
260 |a Oxford  |b Blackwell Science  |c 2003 
650 7 |a PISCICULTURA  |2 CL-VaPUC  |9 259974 
650 0 |a Manipulación genética  |9 373579 
650 7 |a PECES  |2 CL-VaPUC  |9 482908 
650 0 |a Estructura molecular  |9 306892 
583 |a last modification  |c 20040305 00:00:00  |k Rodrigo Vera 
999 |c 307852  |d 307850 
952 |0 0  |1 0  |4 0  |6 639_300000000000000_BEA_2003  |7 0  |8 CCM  |9 373987  |a BIBCUR  |b BIBCUR  |d 2019-11-21  |i 3916049  |o 639.3 BEA 2003  |p 3916049  |r 2025-04-22  |w 2019-11-21  |y BK  |k CIM